| 000 | 01115nam a2200361 c 4500 | ||
|---|---|---|---|
| 999 |
_c50604 _d50604 |
||
| 001 | 50604 | ||
| 003 | ES-MaCES | ||
| 005 | 20190510040009.0 | ||
| 008 | 180321s2018 sp 000 | spa d | ||
| 017 |
_aAB 18-2018 _bDL |
||
| 020 | _a9788417310035 | ||
| 040 |
_aES-MaCES _bspa _cES-MaCES |
||
| 100 | 1 |
_97303 _aBaylos Grau, Antonio |
|
| 245 | 1 | 0 |
_aServicios esenciales, servicios mínimos y derecho de huelga _cAntonio Baylos Grau |
| 250 | _a1ª ed | ||
| 260 |
_aAlbacete _bBomarzo _c2018 |
||
| 300 |
_a135 p. _c24 cm |
||
| 490 | 1 | _aColección Estudios | |
| 541 | _cCompra | ||
| 650 | 4 |
_aservicio esencial _929507 |
|
| 650 | 4 |
_aservicio mínimo _930413 |
|
| 650 | 4 |
_ahuelga _928376 |
|
| 650 | 4 |
_aderecho de huelga _929350 |
|
| 650 | 4 |
_aprocedimiento laboral _930887 |
|
| 650 | 4 |
_aderecho del trabajo _927165 |
|
| 650 | 4 |
_aderecho jurisprudencial _929863 |
|
| 650 | 4 |
_aEspaña _926964 |
|
| 650 | 4 |
_arégimen jurídico _929894 |
|
| 653 | 1 | 0 | _aDerecho del trabajo y Seguridad Social |
| 830 | 0 |
_aColección Estudios (Editorial Bomarzo) _939568 |
|
| 902 | _aLIB Libro | ||
| 942 |
_2CES _cBK _h6.0.1. |
||